[Event "World op 31st"]
[Site "Philadelphia"]
[Date "2003.07.01"]
[Round "2"]
[White "Popovych, Orest"]
[Black "Blatny, Pavel"]
[Result "0-1"]
[WhiteElo "2263"]
[BlackElo "2458"]
[PlyCount "56"]
[EventDate "2003.06.30"]
[EventType "swiss"]
[EventRounds "9"]
[EventCountry "USA"]
[SourceTitle "EXT 2004"]
[Source "ChessBase"]
[SourceDate "2003.11.25"]
[SourceVersion "1"]
[SourceVersionDate "2003.11.25"]
[SourceQuality "1"]

1. e4 g6 2. d4 c6 3. f4 d5 4. e5 h5 5. Nc3 Nh6 6. Nf3 Bg4 7. h3 Bxf3 8. Qxf3 Nf5 9. Be3 e6 10. Bd3 h4 11. Ne2 Qb6 12. 0-0 Nxe3 13. Qxe3 c5 14. c3 Nc6 15. Rac1 c4 16. Bb1 Qxb2 17. Qf3 Ne7 18. a4 a6 19. Rc2 Qb6 20. Ra2 Nc6 21. Bc2 Qa5 22. f5 gxf5 23. Bxf5 exf5 24. Qxf5 Nd8 25. Nf4 Qxc3 26. e6 Nxe6 27. Ne2 Qe3+ 28. Kh1 0-0-0 0-1

[Event "Popel Memorial 2nd"]
[Site "Lvov"]
[Date "1999.09.29"]
[Round "7"]
[White "Sulypa, Oleksandr"]
[Black "Popovych, Orest"]
[Result "0-1"]
[WhiteElo "2434"]
[BlackElo "2270"]
[PlyCount "78"]
[EventDate "1999.09.22"]
[EventType "tourn"]
[EventRounds "9"]
[EventCountry "UKR"]
[EventCategory "9"]
[SourceTitle "EXT 2000"]
[Source "ChessBase"]
[SourceDate "1999.11.16"]
[SourceVersion "1"]
[SourceVersionDate "1999.11.16"]
[SourceQuality "1"]

1. d4 Nf6 2. c4 g6 3. Nc3 Bg7 4. e4 d6 5. f3 0-0 6. Nge2 c5 7. d5 e6 8. Bg5 h6 9. Be3 exd5 10. cxd5 h5 11. Qd2 Re8 12. Nf4 a6 13. Rc1 b5 14. b3 Nbd7 15. Be2 Ne5 16. 0-0 Bd7 17. Kh1 Rc8 18. Nd1 Nh7 19. Nf2 f5 20. exf5 Bxf5 21. a4 c4 22. axb5 axb5 23. bxc4 Nxc4 24. Bxc4 bxc4 25. Bd4 Qd7 26. Bxg7 Qxg7 27. Rc3 Qe5 28. h3 Nf6 29. g4 hxg4 30. hxg4 g5 31. Nh5 Bg6 32. Nxf6+ Qxf6 33. Re1 Rxe1+ 34. Qxe1 Re8 35. Ne4 Qf4 36. Re3 Bxe4 37. fxe4 Qxg4 38. e5 Re7 39. exd6 Rh7+ 0-1

[Event "Popel Memorial 2nd"]
[Site "Lvov"]
[Date "1999.09.28"]
[Round "6"]
[White "Popovych, Orest"]
[Black "Maksimenko, Andrei"]
[Result "0-1"]
[WhiteElo "2270"]
[BlackElo "2515"]
[PlyCount "98"]
[EventDate "1999.09.22"]
[EventType "tourn"]
[EventRounds "9"]
[EventCountry "UKR"]
[EventCategory "9"]
[SourceTitle "EXT 2000"]
[Source "ChessBase"]
[SourceDate "1999.11.16"]
[SourceVersion "1"]
[SourceVersionDate "1999.11.16"]
[SourceQuality "1"]

1. e4 c5 2. Nf3 d6 3. d4 cxd4 4. Nxd4 Nf6 5. Nc3 a6 6. f4 e6 7. Qf3 Qb6 8. Nb3 Qc7 9. g4 b5 10. Bd3 Bb7 11. g5 Nfd7 12. Bd2 Nc5 13. Ne2 Nc6 14. Nxc5 dxc5 15. c4 Qb6 16. a4 bxc4 17. Bxc4 Qxb2 18. Bc3 Qb6 19. a5 Qc7 20. Bb3 Rd8 21. 0-0 c4 22. Bxc4 Bc5+ 23. Kh1 Nd4 24. Bxd4 Bxd4 25. Rac1 Qxa5 26. Rfd1 Ba7 27. Ng3 0-0 28. f5 Rxd1+ 29. Rxd1 Qc7 30. Bb3 exf5 31. Qxf5 Bc8 32. Qf1 Bb8 33. Qd3 Qe7 34. Bd5 Qxg5 35. Rg1 Bxg3 36. Rxg3 Qe5 37. Kg2 g6 38. Qb3 Kg7 39. Re3 Qg5+ 40. Rg3 Qd2+ 41. Kg1 Qd4+ 42. Kg2 Qd2+ 43. Kg1 Be6 44. Rd3 Qe1+ 45. Kg2 Qe2+ 46. Kg1 Bxd5 47. exd5 Rc8 48. Qd1 Qxd1+ 49. Rxd1 Rd8 0-1

[Event "Popel Memorial 2nd"]
[Site "Lvov"]
[Date "1999.09.22"]
[Round "1"]
[White "Popovych, Orest"]
[Black "Motylev, Alexander"]
[Result "0-1"]
[WhiteElo "2270"]
[BlackElo "2532"]
[PlyCount "84"]
[EventDate "1999.09.22"]
[EventType "tourn"]
[EventRounds "9"]
[EventCountry "UKR"]
[EventCategory "9"]
[SourceTitle "EXT 2000"]
[Source "ChessBase"]
[SourceDate "1999.11.16"]
[SourceVersion "1"]
[SourceVersionDate "1999.11.16"]
[SourceQuality "1"]

1. e4 e5 2. Nc3 d6 3. Bc4 Nf6 4. d3 c6 5. Bg5 Be7 6. Nge2 Nbd7 7. Bb3 Nc5 8. 0-0 a5 9. a4 Nxb3 10. cxb3 Nxe4 11. Bxe7 Nxc3 12. Bxd8 Nxd1 13. Bxa5 Rxa5 14. Rfxd1 c5 15. Nc3 Be6 16. Ra3 Ke7 17. Kf1 g5 18. Ke1 g4 19. Kd2 Rg8 20. Kc2 Rg6 21. Raa1 Rh6 22. Rh1 d5 23. Rae1 f6 24. Re2 Ra8 25. f4 gxf3 26. gxf3 Rh4 27. Rg1 Rg8 28. Rxg8 Bxg8 29. Rg2 Bf7 30. Kb1 b6 31. Ka2 Rh3 32. Rf2 Ke6 33. Nb5 Bg6 34. b4 cxb4 35. Rc2 Bxd3 36. Rc6+ Kd7 37. Rxb6 Bc4+ 38. Kb1 Rxh2 39. Rxf6 Bb3 40. Kc1 Rc2+ 41. Kb1 Rd2 42. Rf7+ Ke6 0-1

[Event "World op 26th"]
[Site "Philadelphia"]
[Date "1998.06.28"]
[Round "2"]
[White "Hernandez Guerrero, Gilberto Eduardo"]
[Black "Popovych, Orest"]
[Result "1-0"]
[WhiteElo "2525"]
[BlackElo "2295"]
[PlyCount "55"]
[EventDate "1998.06.27"]
[EventType "swiss"]
[EventRounds "9"]
[EventCountry "USA"]
[SourceTitle "EXT 1999"]
[Source "ChessBase"]
[SourceDate "1998.11.16"]
[SourceVersion "1"]
[SourceVersionDate "1998.11.16"]
[SourceQuality "1"]

1. e4 c5 2. Nc3 Nc6 3. Nge2 e5 4. Nd5 Nge7 5. Nec3 Nxd5 6. Nxd5 Be7 7. Bc4 0-0 8. 0-0 Rb8 9. a3 b5 10. Ba2 Bg5 11. f4 Bxf4 12. Nxf4 exf4 13. d3 d6 14. Bxf4 Ne5 15. b4 cxb4 16. axb4 Qb6+ 17. Kh1 Be6 18. Qb1 Bxa2 19. Qxa2 Rb7 20. Qd5 Re7 21. h3 Re6 22. Bg5 a6 23. Rxf7 Rxf7 24. Qxe6 Qd4 25. Rxa6 Qxb4 26. Qxd6 Qe1+ 27. Kh2 Qf2 28. Ra8+ 1-0

[Event "World op 24th"]
[Site "Philadelphia"]
[Date "1996.??.??"]
[Round "?"]
[White "Acosta, Mariano"]
[Black "Popovych, Orest"]
[Result "0-1"]
[WhiteElo "2110"]
[BlackElo "2290"]
[PlyCount "66"]
[EventDate "1996.06.29"]
[EventType "swiss"]
[EventRounds "9"]
[EventCountry "USA"]
[SourceTitle "EXT 2001"]
[Source "ChessBase"]
[SourceDate "2000.11.22"]
[SourceVersion "1"]
[SourceVersionDate "2000.11.22"]
[SourceQuality "1"]

1. e4 c5 2. g3 Nc6 3. Bg2 g6 4. c3 Bg7 5. f4 d6 6. d3 e5 7. Nf3 Nge7 8. Be3 Bg4 9. Nbd2 b6 10. h3 Bd7 11. Nc4 Qc7 12. 0-0 0-0 13. fxe5 dxe5 14. Bf2 Rad8 15. Ne3 Qc8 16. Kh2 f5 17. Nd5 Nxd5 18. exd5 Ne7 19. Nd2 Be8 20. Qb3 Bf7 21. c4 Qc7 22. Rae1 g5 23. Qa3 a5 24. b3 Rd6 25. Qc1 Rg6 26. Kg1 h5 27. g4 hxg4 28. hxg4 Rh6 29. Bg3 Bg6 30. gxf5 Nxf5 31. Ne4 Nxg3 32. Nxg3 Rxf1+ 33. Kxf1 e4 0-1

[Event "World op 24th"]
[Site "Philadelphia"]
[Date "1996.??.??"]
[Round "?"]
[White "Gunnarsson, Arinbjorn"]
[Black "Popovych, Orest"]
[Result "0-1"]
[WhiteElo "2220"]
[BlackElo "2290"]
[PlyCount "142"]
[EventDate "1996.06.29"]
[EventType "swiss"]
[EventRounds "9"]
[EventCountry "USA"]
[SourceTitle "EXT 2001"]
[Source "ChessBase"]
[SourceDate "2000.11.22"]
[SourceVersion "1"]
[SourceVersionDate "2000.11.22"]
[SourceQuality "1"]

1. c4 Nf6 2. Nc3 g6 3. Nf3 Bg7 4. g3 0-0 5. Bg2 d6 6. 0-0 Nc6 7. Rb1 a5 8. a3 e5 9. b4 axb4 10. axb4 Be6 11. d3 h6 12. b5 Ne7 13. Bb2 Qd7 14. Nd2 Rab8 15. Re1 Bh3 16. Bh1 Ng4 17. Ra1 f5 18. Ra7 e4 19. e3 Ne5 20. dxe4 Nd3 21. Re2 f4 22. Ndb1 Nxb2 23. Rxb2 fxe3 24. f3 Nc8 25. Ra3 Nb6 26. Rb4 c5 27. bxc6 Qxc6 28. Qb3 Kh7 29. Ne2 Qxe4 30. Qxe3 Qc2 31. Qd2 Qxd2 32. Nxd2 Rbe8 33. Kf2 Nd7 34. Rxb7 Nc5 35. Rc7 Kh8 36. Re3 Ne6 37. Rb7 Ra8 38. Rb6 Nd4 39. Rd3 Nxe2 40. Kxe2 Ra1 41. Rb1 Bf5 42. Rxa1 Bxd3+ 43. Kxd3 Bxa1 44. f4 Rb8 45. Bd5 Kg7 46. Ne4 Rb3+ 47. Ke2 Rb6 48. Kd3 Kf8 49. Ke3 Ke7 50. Kf2 Rb2+ 51. Kg1 Rc2 52. Kh1 Bd4 53. Bg8 Re2 54. Bd5 Bb6 55. Bc6 Bc5 56. Bd5 Be3 57. Bc6 Bb6 58. Bd5 Bc5 59. Bb7 Ke6 60. Bc8+ Kf7 61. Bb7 Kg7 62. Bd5 Rc2 63. Be6 g5 64. f5 g4 65. f6+ Kf8 66. h3 gxh3 67. Bd5 Bd4 68. Nxd6 Bxf6 69. Be6 Ke7 70. Bxh3 Kxd6 71. Bf5 Rxc4 0-1

[Event "Chicago op"]
[Site "Chicago"]
[Date "1995.??.??"]
[Round "6"]
[White "Popovych, Orest"]
[Black "Bachler, Kevin L"]
[Result "1-0"]
[WhiteElo "2260"]
[BlackElo "2224"]
[PlyCount "113"]
[EventDate "1995.??.??"]
[EventType "swiss"]
[EventRounds "7"]
[EventCountry "USA"]
[SourceTitle "EXT 1998"]
[Source "ChessBase"]
[SourceDate "1997.11.17"]
[SourceVersion "1"]
[SourceVersionDate "1997.11.17"]
[SourceQuality "1"]

1. e4 c5 2. Nf3 d6 3. d4 cxd4 4. Nxd4 Nf6 5. Nc3 g6 6. Be3 Bg7 7. f3 0-0 8. Qd2 Nc6 9. Bc4 Bd7 10. h4 Rc8 11. Bb3 Ne5 12. 0-0-0 Nc4 13. Bxc4 Rxc4 14. g4 b5 15. Kb1 b4 16. Nce2 Qc7 17. h5 Rc8 18. hxg6 fxg6 19. Rc1 Qa5 20. Nb3 Qe5 21. Bd4 Rxd4 22. Qxd4 Qb5 23. Qd2 Qa4 24. Nf4 Rc6 25. Nd5 Nxd5 26. Qxd5+ e6 27. Qa5 Qxa5 28. Nxa5 Rc8 29. f4 Rf8 30. Rcd1 d5 31. f5 gxf5 32. gxf5 d4 33. fxe6 Bxe6 34. Rhg1 h5 35. Nc6 Bg4 36. Rdf1 Re8 37. Rf4 Re6 38. Nxb4 Rg6 39. Nd5 Kh7 40. Rf7 Kh6 41. Ne7 Rg5 42. Nf5+ Bxf5 43. Rxg5 Kxg5 44. exf5 Bf6 45. Kc1 Kxf5 46. Kd1 Kg5 47. Ke2 Be5 48. Kf3 h4 49. Rxa7 h3 50. Ra5 Kf6 51. Rxe5 Kxe5 52. a4 Kd5 53. a5 Kc5 54. b4+ Kxb4 55. a6 Kc3 56. a7 h2 57. Kg2 1-0

[Event "World op 23rd"]
[Site "Philadelphia"]
[Date "1995.??.??"]
[Round "5"]
[White "Popovych, Orest"]
[Black "Metello, Marcello Gomes"]
[Result "1-0"]
[WhiteElo "2275"]
[BlackElo "2230"]
[PlyCount "81"]
[EventDate "1995.06.??"]
[EventType "swiss"]
[EventRounds "9"]
[EventCountry "USA"]
[SourceTitle "EXT 2000"]
[Source "ChessBase"]
[SourceDate "1999.11.16"]
[SourceVersion "1"]
[SourceVersionDate "1999.11.16"]
[SourceQuality "1"]

1. e4 e6 2. d4 d5 3. Nd2 Nf6 4. Bd3 c5 5. e5 Nfd7 6. c3 Nc6 7. Ne2 Be7 8. Nf3 0-0 9. 0-0 b6 10. Re1 cxd4 11. cxd4 Nb4 12. Bb1 Ba6 13. a3 Nc6 14. Bxh7+ Kxh7 15. Qc2+ Kg8 16. Qxc6 Bc4 17. Qa4 b5 18. Qd1 b4 19. b3 Bxe2 20. Rxe2 bxa3 21. Bxa3 Bxa3 22. Rxa3 Qb6 23. h4 Nb8 24. Qd3 Nc6 25. Ng5 g6 26. Ra4 Rab8 27. Nxe6 Nb4 28. Rxb4 Qxb4 29. Nxf8 Kxf8 30. Re3 Rc8 31. Kh2 Qe7 32. g3 Qa3 33. Rf3 Kg8 34. Qb5 Qe7 35. Qxd5 Rd8 36. Rxf7 Qxh4+ 37. gxh4 Rxd5 38. Rf4 Rb5 39. e6 Rxb3 40. e7 Rb8 41. d5 1-0

[Event "Philadelphia Int 5th"]
[Site "Philadelphia"]
[Date "1994.??.??"]
[Round "4"]
[White "Paschall, William M"]
[Black "Popovych, Orest"]
[Result "1-0"]
[WhiteElo "2230"]
[BlackElo "2245"]
[PlyCount "81"]
[EventDate "1994.06.24"]
[EventType "swiss"]
[EventRounds "9"]
[EventCountry "USA"]
[SourceTitle "EXT 2024"]
[Source "ChessBase"]
[SourceDate "2023.10.10"]
[SourceVersion "1"]
[SourceVersionDate "2023.10.10"]
[SourceQuality "1"]

1. d4 Nf6 2. c4 g6 3. Nc3 Bg7 4. e4 d6 5. Nf3 0-0 6. Be2 Nbd7 7. 0-0 e5 8. Re1 c6 9. Bf1 exd4 10. Nxd4 Re8 11. Nc2 Ne5 12. f3 Be6 13. b3 Nh5 14. Nd4 Qh4 15. Be3 f5 16. exf5 gxf5 17. Bf2 Qg5 18. Kh1 Rad8 19. Qc2 Bc8 20. Rad1 c5 21. Nde2 f4 22. Ne4 Qh6 23. Qd2 b6 24. N2c3 Bb7 25. Nd5 Rf8 26. Bh4 Rd7 27. Bg5 Qe6 28. Nxf4 Nxf4 29. Bxf4 Qg6 30. Bg5 Nf7 31. Bd3 Qh5 32. Qf4 Ne5 33. Qh4 Qxh4 34. Bxh4 Nxd3 35. Rxd3 d5 36. cxd5 Rxd5 37. Rxd5 Bxd5 38. Nd6 Bd4 39. h3 a6 40. Be7 Rf4 41. Kh2 1-0

[Event "World op 21st"]
[Site "Philadelphia"]
[Date "1993.??.??"]
[Round "?"]
[White "Minasian, Artashes"]
[Black "Popovych, Orest"]
[Result "1-0"]
[WhiteElo "2570"]
[BlackElo "2265"]
[PlyCount "87"]
[EventDate "1993.??.??"]
[EventType "swiss"]
[EventRounds "9"]
[EventCountry "USA"]
[SourceTitle "EXT 1999"]
[Source "ChessBase"]
[SourceDate "1998.11.16"]
[SourceVersion "1"]
[SourceVersionDate "1998.11.16"]
[SourceQuality "1"]

1. e4 c5 2. Nf3 d6 3. Nc3 Nf6 4. d4 cxd4 5. Nxd4 a6 6. f4 Qc7 7. Bd3 g6 8. Nf3 Nbd7 9. 0-0 Bg7 10. Kh1 b5 11. Qe1 Nc5 12. e5 dxe5 13. fxe5 Nfd7 14. Nd5 Qc6 15. Nb4 Qe6 16. Be4 Nxe4 17. Qxe4 Rb8 18. Nd5 Rb7 19. Bf4 Nf6 20. Nxf6+ exf6 21. Nd4 Qe7 22. Qc6+ Qd7 23. exf6 Qxc6 24. Rae1+ Qe6 25. fxg7 Rg8 26. Nxe6 Bxe6 27. Be5 f5 28. Bd6 Kf7 29. Bf8 Rc7 30. Rf2 Bd5 31. Kg1 Kf6 32. Rd2 Be4 33. c3 Rc6 34. Red1 Ke5 35. Rd6 Rxd6 36. Bxd6+ Ke6 37. Bf8 a5 38. Rd6+ Ke5 39. Rb6 Bd3 40. Rb8 Ke4 41. Re8+ Kd5 42. Rd8+ Ke4 43. Kf2 Bb1 44. a4 1-0

[Event "World op 20th"]
[Site "Philadelphia"]
[Date "1992.??.??"]
[Round "1"]
[White "Van Wely, Loek"]
[Black "Popovych, Orest"]
[Result "1-0"]
[WhiteElo "2560"]
[BlackElo "2260"]
[PlyCount "57"]
[EventDate "1992.06.??"]
[EventType "swiss"]
[EventRounds "9"]
[EventCountry "USA"]
[SourceTitle "TD"]
[Source "ChessBase"]
[SourceDate "1994.03.01"]
[SourceVersion "1"]
[SourceVersionDate "1994.03.01"]
[SourceQuality "1"]

1. d4 Nf6 2. c4 g6 3. Nc3 Bg7 4. e4 d6 5. Nf3 0-0 6. h3 e5 7. d5 Na6 8. Bg5 Qe8 9. g4 Nd7 10. Rg1 Kh8 11. Qd2 f6 12. Be3 Ndc5 13. 0-0-0 Na4 14. Nb5 Bd7 15. Qa5 Bxb5 16. cxb5 N6c5 17. Nd2 f5 18. gxf5 gxf5 19. Qxc7 Rf7 20. Qa5 fxe4 21. Kb1 a6 22. b6 Nd3 23. Bxd3 exd3 24. Ne4 Qd7 25. Rxd3 Rf4 26. Bxf4 exf4 27. Rxg7 Kxg7 28. Ra3 Nc5 29. Qc3+ 1-0

[Event "Gausdal Int"]
[Site "Gausdal"]
[Date "1990.??.??"]
[Round "3"]
[White "Lauvas, Dag"]
[Black "Popovych, Orest"]
[Result "1-0"]
[WhiteElo "2220"]
[BlackElo "2275"]
[PlyCount "77"]
[EventDate "1990.08.??"]
[EventType "swiss"]
[EventRounds "9"]
[EventCountry "NOR"]
[SourceTitle "TD"]
[Source "ChessBase"]
[SourceDate "1994.03.01"]
[SourceVersion "1"]
[SourceVersionDate "1994.03.01"]
[SourceQuality "1"]

1. c4 Nf6 2. d4 g6 3. Nc3 Bg7 4. e4 d6 5. f3 0-0 6. Be3 c5 7. Nge2 Nc6 8. Qd2 b6 9. 0-0-0 Ba6 10. b3 e6 11. Kb1 Re8 12. Bg5 cxd4 13. Nxd4 Nxd4 14. Qxd4 h6 15. Bh4 g5 16. Be1 d5 17. e5 Nd7 18. Bg3 f6 19. cxd5 fxe5 20. Qe3 Bxf1 21. Rhxf1 exd5 22. Rxd5 Qe7 23. Ne4 Nc5 24. Nd6 Rf8 25. h4 g4 26. Bxe5 Rad8 27. Qd4 Bxe5 28. Rxe5 Qxd6 29. Qxg4+ Kh7 30. Rfe1 Qg6+ 31. Qxg6+ Kxg6 32. Re7 a5 33. g4 Rxf3 34. h5+ Kf6 35. Rh7 Kg5 36. Rg7+ Kh4 37. Rg6 Rd2 38. g5 Rff2 39. Rh1+ 1-0

[Event "Lloyds Bank op 14th"]
[Site "London"]
[Date "1990.??.??"]
[Round "?"]
[White "Popovych, Orest"]
[Black "Emms, John M"]
[Result "1/2-1/2"]
[WhiteElo "2275"]
[BlackElo "2400"]
[PlyCount "96"]
[EventDate "1990.08.??"]
[EventType "swiss"]
[EventRounds "10"]
[EventCountry "ENG"]
[SourceTitle "EXT 1997"]
[Source "ChessBase"]
[SourceDate "1996.11.15"]
[SourceVersion "1"]
[SourceVersionDate "1996.11.15"]
[SourceQuality "1"]

1. e4 Nc6 2. d4 e5 3. dxe5 Nxe5 4. Nf3 Bb4+ 5. c3 Bd6 6. Nxe5 Bxe5 7. f4 Bd6 8. Be3 Qe7 9. Qf3 Bc5 10. Bc4 Bxe3 11. Qxe3 d5 12. Bxd5 Nf6 13. Bb3 Qxe4 14. Qxe4+ Nxe4 15. 0-0 0-0 16. Re1 Nc5 17. Bc2 Be6 18. b4 Nd7 19. f5 Bd5 20. Na3 Nf6 21. c4 Bc6 22. b5 Bd7 23. h3 h5 24. Kf2 Rfe8 25. Bd3 Kh7 26. Nc2 Kh6 27. Rxe8 Rxe8 28. Re1 Kg5 29. Rxe8 Nxe8 30. Nd4 Kf6 31. g4 hxg4 32. hxg4 g5 33. Nf3 c5 34. a4 Nd6 35. Ke3 b6 36. Nd2 Bc8 37. Be4 a5 38. Bd5 Ke5 39. Nf3+ Kf6 40. Kd3 Bd7 41. Nd2 Ke5 42. Ke3 Bc8 43. Bc6 Kf6 44. Ne4+ Ke5 45. Nxg5 Nxc4+ 46. Kd3 Nd6 47. Ke3 Nc4+ 48. Kd3 Nd6 1/2-1/2

[Event "New York op"]
[Site "New York"]
[Date "1990.??.??"]
[Round "4"]
[White "Popovych, Orest"]
[Black "Saidy, Anthony Fred"]
[Result "1/2-1/2"]
[WhiteElo "2275"]
[BlackElo "2380"]
[PlyCount "96"]
[EventDate "1990.04.??"]
[EventType "swiss"]
[EventRounds "9"]
[EventCountry "USA"]
[SourceTitle "CBM 016 Extra"]
[Source "ChessBase"]
[SourceDate "1990.07.01"]
[SourceVersion "1"]
[SourceVersionDate "1990.07.01"]
[SourceQuality "1"]

1. e4 c5 2. Nf3 d6 3. d4 Nf6 4. Nc3 cxd4 5. Nxd4 Nc6 6. Bg5 e6 7. Qd2 a6 8. 0-0-0 h6 9. Be3 Nxd4 10. Qxd4 Bd7 11. Be2 Qc7 12. f4 Bc6 13. Bf3 e5 14. Qd3 Be7 15. Kb1 0-0-0 16. Qc4 Rhf8 17. Qb3 Nd7 18. Bg4 Kb8 19. Bxd7 Rxd7 20. Nd5 Bxd5 21. Rxd5 f6 22. Rhd1 exf4 23. Bxf4 Rc8 24. R1d4 Ka8 25. c4 Qd8 26. Qa4 Qe8 27. b4 Bf8 28. b5 Rdc7 29. Bxd6 Bxd6 30. Rxd6 Kb8 31. R6d5 axb5 32. Rxb5 Qc6 33. Qb4 Re8 34. c5 Re5 35. Rd8+ Rc8 36. Rd6 Qxe4+ 37. Qxe4 Rxe4 38. c6 Re7 39. Rxb7+ Rxb7+ 40. cxb7 Re8 41. Rd7 g5 42. Kc2 Re2+ 43. Kb3 Rxg2 44. a4 Rg1 45. Kc4 Rb1 46. Kd5 f5 47. Rh7 Rb6 48. a5 Rxb7 1/2-1/2

[Event "Philadelphia"]
[Site "Philadelphia"]
[Date "1989.??.??"]
[Round "4"]
[White "Popovych, Orest"]
[Black "Garcia, Gildardo"]
[Result "1/2-1/2"]
[WhiteElo "2270"]
[BlackElo "2430"]
[PlyCount "105"]
[EventDate "1989.??.??"]
[EventType "tourn"]
[EventRounds "11"]
[EventCountry "USA"]
[EventCategory "4"]
[SourceTitle "EXT 1997"]
[Source "ChessBase"]
[SourceDate "1996.11.15"]
[SourceVersion "1"]
[SourceVersionDate "1996.11.15"]
[SourceQuality "1"]

1. e4 e5 2. f4 d5 3. exd5 exf4 4. Nf3 c6 5. Nc3 Bd6 6. d4 Ne7 7. dxc6 Nbxc6 8. d5 Nb4 9. Bc4 0-0 10. a3 b5 11. Bb3 Na6 12. Nxb5 Qa5+ 13. Nc3 Nc5 14. 0-0 Nxb3 15. cxb3 Bb7 16. b4 Bxb4 17. axb4 Qxa1 18. d6 Ng6 19. h4 Qa6 20. h5 Bxf3 21. gxf3 Ne5 22. Bxf4 Nd3 23. Bh2 Rad8 24. Ne4 Qc4 25. h6 f5 26. b3 Qd4+ 27. Nf2 Ne5 28. Qxd4 Nxf3+ 29. Kh1 Nxd4 30. hxg7 Rf6 31. Rd1 Rfxd6 32. Bxd6 Rxd6 33. Kg2 Kxg7 34. Nh3 Kf6 35. Kf2 Ke7 36. Nf4 Nxb3 37. Re1+ Kf7 38. Rh1 h6 39. Rh5 Nd4 40. Nd3 Kg6 41. Nf4+ Kg7 42. Ng2 Rb6 43. Nh4 Rb5 44. Nf3 Nc6 45. Nh4 Nxb4 46. Nxf5+ Kf8 47. Kf3 Nc6 48. Ke4 Ne7 49. Rxh6 Rb4+ 50. Nd4 Rxd4+ 51. Kxd4 Nf5+ 52. Kc4 Nxh6 53. Kb5 1/2-1/2

[Event "US Open-90"]
[Site "Chicago"]
[Date "1989.??.??"]
[Round "6"]
[White "Popovych, Orest"]
[Black "Kengis, Edvins"]
[Result "0-1"]
[WhiteElo "2270"]
[BlackElo "2465"]
[PlyCount "94"]
[EventDate "1989.08.05"]
[EventType "swiss"]
[EventRounds "12"]
[EventCountry "USA"]
[SourceTitle "EXT 1997"]
[Source "ChessBase"]
[SourceDate "1996.11.15"]
[SourceVersion "1"]
[SourceVersionDate "1996.11.15"]
[SourceQuality "1"]

1. e4 Nf6 2. e5 Nd5 3. d4 d6 4. Nf3 dxe5 5. Nxe5 g6 6. Bc4 c6 7. 0-0 Bg7 8. Re1 0-0 9. c3 Nd7 10. Nf3 N7b6 11. Bf1 Bg4 12. Nbd2 Qc7 13. h3 Bxf3 14. Nxf3 e6 15. c4 Ne7 16. Re4 Rad8 17. Bf4 Qc8 18. Qe1 Nf5 19. Be5 Nd7 20. Bxg7 Kxg7 21. g4 Nd6 22. Rf4 Qc7 23. Ng5 Rde8 24. c5 Nc8 25. Re4 h6 26. Nf3 Nf6 27. Re5 Ne7 28. Rd1 Ned5 29. Qd2 Nd7 30. Ree1 f6 31. b4 g5 32. b5 Nf4 33. a4 h5 34. gxh5 Rh8 35. Re4 Rxh5 36. bxc6 bxc6 37. Rde1 Nf8 38. a5 N8g6 39. a6 Nxh3+ 40. Bxh3 Rxh3 41. Rb1 Rb8 42. Rxb8 Qxb8 43. Kg2 Rh5 44. Qa2 Qc8 45. Qb3 Nf4+ 46. Kg1 Qh8 47. Qb7+ Kg6 0-1

[Event "Philadelphia"]
[Site "Philadelphia"]
[Date "1989.??.??"]
[Round "2"]
[White "Popovych, Orest"]
[Black "Szmetan, Ricardo"]
[Result "1/2-1/2"]
[WhiteElo "2270"]
[BlackElo "2300"]
[PlyCount "144"]
[EventDate "1989.??.??"]
[EventType "tourn"]
[EventRounds "11"]
[EventCountry "USA"]
[EventCategory "4"]
[SourceTitle "EXT 1997"]
[Source "ChessBase"]
[SourceDate "1996.11.15"]
[SourceVersion "1"]
[SourceVersionDate "1996.11.15"]
[SourceQuality "1"]

1. e4 c5 2. Nf3 e6 3. d4 cxd4 4. Nxd4 a6 5. Nc3 Qc7 6. g3 Bb4 7. Bd2 Nc6 8. Nxc6 bxc6 9. Qg4 Bf8 10. Qe2 e5 11. Bg2 a5 12. f4 Ba6 13. Qf3 Rb8 14. Bf1 Bxf1 15. Rxf1 d6 16. 0-0-0 Nf6 17. g4 h6 18. g5 Nd7 19. g6 Nf6 20. gxf7+ Qxf7 21. fxe5 dxe5 22. Qf5 Be7 23. Qxe5 0-0 24. Qg3 Qe6 25. Qg6 Qf7 26. Qg2 Qh5 27. Rf5 Qg4 28. Qh1 Qh3 29. Rg1 Bd6 30. Rgf1 Ng4 31. Nd1 Qxh2 32. Qf3 Ne5 33. Qc3 Rxf5 34. Rxf5 Bb4 35. Qe3 Nc4 36. Rf2 Qe5 37. Bc3 Nxe3 38. Bxe5 Nxd1 39. Kxd1 Re8 40. Bc7 Rxe4 41. c3 Be7 42. Bxa5 Ra4 43. b4 Bf6 44. Rc2 Ra3 45. Kd2 g5 46. Bb6 g4 47. Kd3 h5 48. Bc5 h4 49. Ke3 g3 50. Kf3 Kf7 51. Kg4 Bxc3 52. Kxh4 Be5 53. Kh3 Ra8 54. Rc4 Rxa2 55. Re4 Kf6 56. Kg4 g2 57. Kh3 Kf5 58. Re1 Rc2 59. Bb6 Rb2 60. Bc5 Rc2 61. Bb6 Kf4 62. Bc5 Bc3 63. Rd1 Bd2 64. Kh2 Kf3 65. Bg1 Ra2 66. Rb1 Be3 67. Rb3 Re2 68. b5 cxb5 69. Bxe3 Rxe3 70. Rxb5 Re1 71. Rb3+ Kf2 72. Rb2+ Kf1 1/2-1/2

[Event "World op"]
[Site "Philadelphia"]
[Date "1988.??.??"]
[Round "?"]
[White "Benjamin, Joel"]
[Black "Popovych, Orest"]
[Result "1-0"]
[WhiteElo "2565"]
[BlackElo "2310"]
[PlyCount "107"]
[EventDate "1988.06.??"]
[EventType "swiss"]
[EventRounds "11"]
[EventCountry "USA"]
[SourceTitle "EXT 1997"]
[Source "ChessBase"]
[SourceDate "1996.11.15"]
[SourceVersion "1"]
[SourceVersionDate "1996.11.15"]
[SourceQuality "1"]

1. e4 c5 2. Nf3 d6 3. d4 cxd4 4. Nxd4 Nf6 5. Nc3 a6 6. Be3 e5 7. Nb3 Be6 8. f3 Nbd7 9. g4 Be7 10. Rg1 Rc8 11. Qd2 0-0 12. 0-0-0 Nb6 13. g5 Nh5 14. Kb1 Nc4 15. Bxc4 Bxc4 16. Nd5 Bxd5 17. Qxd5 Qc7 18. Rg2 Kh8 19. Nc1 f5 20. a3 fxe4 21. fxe4 Rf3 22. Re1 g6 23. Na2 Qd7 24. Qd2 Rcf8 25. Nc3 Bd8 26. Nd5 Qh3 27. Rge2 Qh4 28. Qb4 Bxg5 29. Qxd6 Re8 30. Qd7 Ng7 31. Bxg5 Qxg5 32. Qxb7 Ne6 33. c3 a5 34. Qb5 Qd8 35. Rd1 Ng5 36. Ka2 Re6 37. Ne3 Qa8 38. Qd5 Qa6 39. Qd8+ Kg7 40. Nf5+ Rxf5 41. exf5 Nf7 42. f6+ Rxf6 43. Qd3 Qe6+ 44. Qd5 Qg4 45. Rdd2 a4 46. Rf2 Rf4 47. Rxf4 Qxf4 48. Re2 h5 49. c4 Qg4 50. Rf2 Ng5 51. Qxe5+ Kh6 52. Qf4 Qd1 53. Rd2 Qb3+ 54. Ka1 1-0

[Event "Philadelphia"]
[Site "Philadelphia"]
[Date "1988.??.??"]
[Round "5"]
[White "Dauvergne, Peter"]
[Black "Popovych, Orest"]
[Result "1-0"]
[WhiteElo "2275"]
[BlackElo "2310"]
[PlyCount "57"]
[EventDate "1988.??.??"]
[EventType "tourn"]
[EventRounds "13"]
[EventCountry "USA"]
[EventCategory "3"]
[SourceTitle "EXT 2006"]
[Source "ChessBase"]
[SourceDate "2005.11.24"]
[SourceVersion "1"]
[SourceVersionDate "2005.11.24"]
[SourceQuality "1"]

1. d4 Nf6 2. c4 c5 3. d5 e6 4. Nc3 exd5 5. cxd5 d6 6. e4 g6 7. f4 Bg7 8. Bd3 0-0 9. Nf3 Bg4 10. 0-0 Nbd7 11. Be3 a6 12. a4 Re8 13. h3 Bxf3 14. Qxf3 Rc8 15. Rae1 Qa5 16. g4 c4 17. Bb1 Nc5 18. e5 Nfd7 19. exd6 Nxa4 20. Nxa4 Qxa4 21. f5 Ne5 22. Qf4 Qd7 23. f6 Bf8 24. Bd4 Nd3 25. Bxd3 Rxe1 26. Rxe1 Bxd6 27. Bf5 Qxf5 28. Qh6 Bf8 29. Qxf8+ 1-0